Loreto College Library, Kolkata
WEBOPAC (ONLINE PUBLIC ACCESS CATALOGUE)

Aarombho 1412 (Record no. 40391)

MARC details
000 -LEADER
fixed length control field 00424nam a22001817a 4500
005 - DATE AND TIME OF LATEST TRANSACTION
control field 20160119152951.0
008 - FIXED-LENGTH DATA ELEMENTS--GENERAL INFORMATION
fixed length control field 160119b xxu||||| |||| 00| 0 eng d
020 ## - ISBN | অাই এস বি এন
PRICE 50
040 ## - CATALOGING SOURCE
Original cataloging agency Loreto College
082 ## - DDC | ডিউই
Classification number | বর্গসংখ্যা 891.44
Book Number | গ্রন্থাঙ্ক AAR
245 ## - TITLE STATEMENT | অাখ্যা বিবরণী
Title | অাখ্যা Aarombho 1412
260 ## - IMPRINT | প্রকাশনা ক্ষেত্র
Place of publication | প্রকাশ স্থান Kolkata
Name of publisher | প্রকাশকের নাম Aarombho
Date of publication | প্রকাশ কাল 2005
300 ## - PHYSICAL DESCRIPTION |
Page / Vol. No | পৃষ্ঠা / খন্ড সংখ্যা 266p.
650 ## - SUBJECT ADDED ENTRY--TOPICAL TERM | বিষয় শিরোনাম - মূল বিষয়
Topical term | মূল বিষয় East Indo-European & Celtic
700 ## - ADDED ENTRY--PERSONAL NAME | অতিরিক্ত সংলেখ - ব্
Relator code | দায়িত্ব নির্দেশক ed.
Personal name | ব্যাক্তিনাম Baharuddin
850 ## - HOLDING INSTITUTION
Holding institution LCLIB
942 ## - ADDED ENTRY ELEMENTS (KOHA)
Koha item type Books
Holdings
Withdrawn status Lost status Source of classification Damaged status Not for loan Home library Current library Date acquired Total Checkouts Full call number Accession No. Date last seen Price effective from Koha item type
    Dewey Decimal Classification     Loreto College Loreto College 19/01/2016   891.44 AAR 45538 44027 19/01/2016 19/01/2016 Books